000
00451nam a2200145Ia 4500
008
100204s9999 xx 000 0 und d
082
_b
6101
100
_a
जोग शांता
245
_a
रंग आणि ढंग
260
_b
"डिंंंंप्ंाल पब्लिकेशन, वसई"
_c
1984
300
_a
156
630
_a
रंग आणि ढंग
730
_a
रंग आणि ढंग
942
_c
BOOK
999
_c
450596
_d
450593